000 00717cam a22002413a 4500
001 18917
003 PGUSA
005 20140828083412.0
008 060727s2006||||xxu|||||s|||||000 | eng d
040 _aPGUSA
_beng
042 _adc
050 4 _aPR
100 1 _aBlack, William,
_d1841-1898
245 1 0 _aGoldsmith :
_bEnglish Men of Letters Series
_h[electronic resource] /
_cWilliam Black
260 _bProject Gutenberg,
_c2006
506 _aPublic domain in the USA.
516 _aElectronic text
653 _aAuthors, Irish -- 18th century -- Biography
653 _aGoldsmith, Oliver, 1730?-1774
830 0 _aProject Gutenberg
_v18917
856 4 0 _uhttp://www.gutenberg.org/ebooks/18917
942 _cEB
999 _c248172
_d248172